[Event "XXXII Memorial Edoardo Crespi A"]
[Site "Milano ITA"]
[Date "2011.12.04"]
[Round "2"]
[White "Brunello, Roberta"]
[Black "Astengo, Corrado"]
[Result "1/2-1/2"]
[WhiteElo "1969"]
[BlackElo "2095"]
[PlyCount "57"]
[EventDate "2011.12.03"]

1. e4 c5 2. c3 d5 3. exd5 Qxd5 4. d4 Nf6 5. Nf3 Bg4 6. Be2 e6 7. h3 Bh5 8. O-O
Nc6 9. Be3 cxd4 10. cxd4 Be7 11. Nc3 Qd6 12. Qb3 O-O 13. Rfd1 Rfd8 14. a3 Rac8
15. Rac1 Qb8 16. d5 exd5 17. Nxd5 Nxd5 18. Rxd5 Bg6 19. Rcd1 Rxd5 20. Rxd5 Rd8
21. Nd4 Nxd4 22. Bxd4 b6 23. Rxd8+ Qxd8 24. Qc3 Bf8 25. a4 h6 26. b4 Qd6 27. a5
Qxb4 28. Qxb4 Bxb4 29. axb6 1/2-1/2

[Event "XXXII Memorial Edoardo Crespi A"]
[Site "Milano ITA"]
[Date "2011.12.04"]
[Round "2"]
[White "Cazzaniga, Walter"]
[Black "Astengo, Marcello"]
[Result "1-0"]
[WhiteElo "2118"]
[BlackElo "2048"]
[PlyCount "43"]
[EventDate "2011.12.03"]

1. d4 d5 2. c4 c6 3. Nc3 Nf6 4. Nf3 e6 5. Bg5 dxc4 6. e4 b5 7. e5 h6 8. Bh4 g5
9. Nxg5 hxg5 10. Bxg5 Be7 11. exf6 Bxf6 12. Be3 Bb7 13. Qf3 a6 14. g3 Nd7 15.
Bg2 e5 16. d5 Rc8 17. Rd1 Kf8 18. Qf5 c5 19. O-O Bg7 20. Ne4 Qe7 21. Ng5 Nf6
22. d6 1-0

[Event "XXXII Memorial Edoardo Crespi A"]
[Site "Milano ITA"]
[Date "2011.12.04"]
[Round "2"]
[White "Formento, Paolo"]
[Black "Stella, Andrea"]
[WhiteElo "2133"]
[BlackElo "2448"]
[Result "0-1"]
[PlyCount "58"]
[EventDate "2011.12.03"]

1. e4 c5 2. Nf3 d6 3. d4 cxd4 4. Nxd4 Nf6 5. Nc3 a6 6. Bg5 Nbd7 7. f4 Qc7 8.
Qf3 h6 9. Bxf6 Nxf6 10. h3 e5 11. Nb3 Be7 12. g4 exf4 13. Qxf4 b5 14. a3 Bb7
15. Bg2 Nd7 16. O-O Qb6+ 17. Kh1 Ne5 18. Nd5 Bxd5 19. exd5 Bg5 20. Qe4 O-O 21.
Nd4 Nc4 22. Nf5 Nd2 23. Qd3 Nxf1 24. Rxf1 Rae8 25. h4 Bd8 26. Rf3 Qc5 27. b3
Re5 28. Rg3 Qf2 29. Nxd6 Bc7 0-1

[Event "XXXII Memorial Edoardo Crespi A"]
[Site "Milano ITA"]
[Date "2011.12.04"]
[Round "2"]
[White "Gori, Andrea"]
[Black "Attuati, Stefano"]
[Result "1-0"]
[WhiteElo "2087"]
[BlackElo "2006"]
[PlyCount "61"]
[EventDate "2011.12.03"]

1. e4 e6 2. d4 d5 3. exd5 exd5 4. Bd3 c5 5. dxc5 Bxc5 6. Nf3 Nf6 7. O-O O-O 8.
h3 Ne4 9. Nbd2 Ng3 10. Nb3 Nxf1 11. Nxc5 Ng3 12. fxg3 Qd6 13. Be3 Nc6 14. c3
Bxh3 15. gxh3 Qxg3+ 16. Kf1 Ne5 17. Nxe5 Qxe3 18. Bxh7+ Kxh7 19. Qh5+ Qh6 20.
Qxh6+ Kxh6 21. Ncd7 Rfe8 22. Nxf7+ Kh5 23. Rd1 Kh4 24. Rxd5 Re3 25. Rd4+ Kg3
26. Rg4+ Kxh3 27. Rxg7 Rae8 28. Nde5 Rf8 29. Rh7+ Kg3 30. Rg7+ Kf4 31. Ng6+ 1-0

[Event "XXXII Memorial Edoardo Crespi A"]
[Site "Milano ITA"]
[Date "2011.12.04"]
[Round "2"]
[White "Iudicello, Giovanni"]
[Black "Salvador, Roland"]
[WhiteElo "2188"]
[BlackElo "2500"]
[Result "0-1"]
[PlyCount "106"]
[EventDate "2011.12.03"]

1. e4 c6 2. d4 d5 3. Nc3 dxe4 4. Nxe4 Nd7 5. Nf3 Ngf6 6. Ng3 e6 7. Bd3 Qc7 8.
Qe2 b6 9. O-O Be7 10. Re1 O-O 11. c4 Bb7 12. Ne4 c5 13. dxc5 Nxc5 14. Nxc5 Bxc5
15. Ne5 Rad8 16. Bg5 Be7 17. Rad1 Ba8 18. Qe3 Qc5 19. Qxc5 Bxc5 20. Be3 Bxe3
21. Rxe3 Ne4 22. Ree1 Nd6 23. b3 f6 24. Ng4 Kf7 25. f3 Bc6 26. Kf2 Rd7 27. Ne3
Rfd8 28. Ke2 f5 29. g3 Kf6 30. Bc2 b5 31. c5 Nf7 32. Rxd7 Rxd7 33. b4 Ne5 34.
Rf1 Bb7 35. Bb1 a5 36. a3 axb4 37. axb4 Rd4 38. Nc2 Rc4 39. f4 Nc6 40. Ne3 Rxb4
41. Bc2 Nd4+ 42. Kd2 Nxc2 43. Kxc2 Be4+ 44. Kc3 Ra4 45. Kb3 Bc6 46. Rd1 Re4 47.
Rd3 b4 48. Nc2 Bd5+ 49. Kb2 Re2 50. Kc1 b3 51. Na3 b2+ 52. Kd1 Rxh2 53. Rc3
Rh1+ 0-1

[Event "XXXII Memorial Edoardo Crespi A"]
[Site "Milano ITA"]
[Date "2011.12.04"]
[Round "2"]
[White "Kosic, Dragan"]
[Black "Vezzosi, Paolo"]
[WhiteElo "2502"]
[BlackElo "2321"]
[Result "1-0"]
[PlyCount "121"]
[EventDate "2011.12.03"]

1. d4 Nf6 2. Nf3 b6 3. Bg5 Bb7 4. Nbd2 c5 5. c3 cxd4 6. cxd4 g6 7. Bxf6 exf6 8.
e3 Bg7 9. Be2 O-O 10. O-O Nc6 11. Qa4 a6 12. Rfc1 Qe7 13. Qb3 b5 14. a4 b4 15.
Nc4 Rab8 16. a5 Rfd8 17. Nb6 Nxa5 18. Rxa5 Bxf3 19. Nd5 Bxd5 20. Qxd5 Qe6 21.
Bxa6 Ra8 22. Bf1 Qxd5 23. Rxd5 Ra7 24. g4 Bf8 25. Rb5 Rda8 26. Kg2 Kg7 27. Bd3
Re8 28. Kf3 Bd6 29. h3 Rb8 30. Rd5 Bf8 31. b3 Kg8 32. Bc4 Kg7 33. h4 Rbb7 34.
Rc2 Be7 35. h5 Bf8 36. Rc1 Be7 37. hxg6 hxg6 38. Bb5 Bf8 39. Rc8 Ra5 40. Bc6
Rxd5 41. Bxd5 Ra7 42. Bc4 Bd6 43. Ke4 Ra5 44. Rd8 f5+ 45. gxf5 gxf5+ 46. Kf3
Ra7 47. Bd3 Kf6 48. Rh8 Kg6 49. Rg8+ Kf6 50. Bc4 Ra5 51. Rd8 Ke7 52. Rh8 Bc7
53. Rh7 d5 54. Bd3 Ra3 55. Bxf5 Rxb3 56. Bg6 Rc3 57. Bxf7 b3 58. Bxd5+ Kd6 59.
Be4 b2 60. Rh6+ Ke7 61. Rh5 1-0

[Event "XXXII Memorial Edoardo Crespi A"]
[Site "Milano ITA"]
[Date "2011.12.04"]
[Round "2"]
[White "Lazic, Miroljub"]
[Black "Cani, Gazmir"]
[WhiteElo "2459"]
[BlackElo "2174"]
[Result "1-0"]
[PlyCount "59"]
[EventDate "2011.12.03"]

1. g3 Nf6 2. Bg2 g6 3. e4 e5 4. Ne2 d6 5. d4 Nbd7 6. h3 Bg7 7. Nbc3 O-O 8. Be3
c6 9. a4 Qc7 10. O-O Re8 11. g4 Nf8 12. Qd2 Ne6 13. Rfe1 exd4 14. Nxd4 h5 15.
f3 hxg4 16. hxg4 Bd7 17. Rad1 Rad8 18. Qf2 b6 19. Qg3 Nxd4 20. Rxd4 Bc8 21.
Rdd1 Nd7 22. Bd4 Ne5 23. g5 Be6 24. f4 Nd7 25. Qh4 Bxd4+ 26. Rxd4 b5 27. Kh2
bxa4 28. Rh1 Nf8 29. Kg3 f6 30. Qh8+ 1-0

[Event "XXXII Memorial Edoardo Crespi A"]
[Site "Milano ITA"]
[Date "2011.12.04"]
[Round "2"]
[White "Malaniuk, Vladimir P."]
[Black "Bove, Alessandro"]
[WhiteElo "2504"]
[BlackElo "2369"]
[Result "1-0"]
[PlyCount "29"]
[EventDate "2011.12.03"]

1. d4 Nf6 2. Nf3 e6 3. c4 b6 4. Nc3 Bb7 5. a3 d5 6. cxd5 exd5 7. Bf4 c6 8. e3
Be7 9. Ne5 O-O 10. Bd3 g6 11. h4 Nh5 12. Bh6 Ng7 13. h5 Bd6 14. hxg6 fxg6 15.
Bxg7 1-0

[Event "XXXII Memorial Edoardo Crespi A"]
[Site "Milano ITA"]
[Date "2011.12.04"]
[Round "2"]
[White "Martinez, Rolly"]
[Black "Jobava, Baadur"]
[WhiteElo "2420"]
[BlackElo "2678"]
[Result "0-1"]
[PlyCount "70"]
[EventDate "2011.12.03"]

1. e4 c5 2. Nf3 d6 3. d4 Nf6 4. Nc3 cxd4 5. Qxd4 Bd7 6. Bg5 Nc6 7. Qd2 h6 8.
Bh4 g5 9. Bg3 Nh5 10. Nd4 Nxd4 11. Qxd4 Bg7 12. Qe3 Qa5 13. Be2 Nxg3 14. hxg3
Rc8 15. O-O Qc5 16. Qc1 Bxc3 17. bxc3 Qxc3 18. Bd3 b6 19. a4 g4 20. a5 bxa5 21.
Rb1 h5 22. Qg5 Qe5 23. Qxe5 dxe5 24. Rb7 a6 25. Ra1 a4 26. Bxa6 Rh6 27. Ra7 Rb8
28. c4 Rhb6 29. Kh2 f6 30. Rd1 Rd8 31. Rd5 Bc6 32. Rxd8+ Kxd8 33. f3 gxf3 34.
gxf3 Rb2+ 35. Kg1 a3 0-1

[Event "XXXII Memorial Edoardo Crespi A"]
[Site "Milano ITA"]
[Date "2011.12.04"]
[Round "2"]
[White "Miracola, Massimiliano"]
[Black "Gonella, Daniele"]
[Result "1/2-1/2"]
[WhiteElo "2007"]
[BlackElo "2103"]
[PlyCount "100"]
[EventDate "2011.12.03"]

1. e4 e5 2. Nf3 Nc6 3. Nc3 Bb4 4. Bb5 Nf6 5. O-O O-O 6. d3 d6 7. Bg5 Bxc3 8.
bxc3 h6 9. Bd2 a6 10. Ba4 Be6 11. Re1 Re8 12. h3 Kh7 13. c4 Nd7 14. c3 f5 15.
exf5 Bxf5 16. Bc2 Qf6 17. d4 Kh8 18. Be3 Rf8 19. Nh2 exd4 20. cxd4 Bxc2 21.
Qxc2 Nxd4 22. Qb1 Nf5 23. Ng4 Qf7 24. Qxb7 h5 25. Nh2 Nxe3 26. fxe3 Qf2+ 27.
Kh1 Nc5 28. Qxc7 Ne4 29. Nf1 Rac8 30. Qb7 Rxc4 31. Qd5 Qf7 32. Qxf7 Rxf7 33.
Rac1 d5 34. Kg1 Nc3 35. Rc2 g6 36. Ng3 Re7 37. Rd2 h4 38. Ne2 Rxe3 39. Kf2
Rxe2+ 40. Rexe2 Nxe2 41. Kxe2 Kg7 42. Rxd5 Rc2+ 43. Rd2 Rxd2+ 44. Kxd2 Kf6 45.
Ke3 Kf5 46. Kf3 a5 47. g3 hxg3 48. Kxg3 a4 49. a3 Kg5 50. h4+ Kh5 1/2-1/2

[Event "XXXII Memorial Edoardo Crespi A"]
[Site "Milano ITA"]
[Date "2011.12.04"]
[Round "2"]
[White "Moroni, Luca jr"]
[Black "Quaranta, Cristiano"]
[Result "1/2-1/2"]
[WhiteElo "2030"]
[BlackElo "2118"]
[PlyCount "117"]
[EventDate "2011.12.03"]

1. e4 c5 2. Nf3 Nc6 3. d4 cxd4 4. Nxd4 e6 5. Nc3 Qc7 6. Be2 a6 7. O-O Nf6 8.
Be3 Bb4 9. Na4 Be7 10. Nxc6 bxc6 11. Nb6 Rb8 12. Nxc8 Qxc8 13. Bd4 Qc7 14. e5
Nd5 15. c4 Nf4 16. Bf3 O-O 17. Be4 Ng6 18. f4 d5 19. Bc2 c5 20. Bc3 d4 21. Bd2
f5 22. b3 Rfd8 23. Bd3 a5 24. a4 Rf8 25. Rb1 Bd8 26. g3 Rf7 27. Qf3 Qb7 28. Be2
Qe4 29. Bd3 Qxf3 30. Rxf3 Rfb7 31. Bf1 Ne7 32. Bg2 Nc6 33. Rff1 Rc8 34. h3 Rb6
35. Bxc6 Rbxc6 36. g4 g6 37. Rf3 Bb6 38. Kf2 R6c7 39. Rg1 Rg7 40. g5 Rb8 41. h4
Rbb7 42. Rh3 Bd8 43. Rgg3 Bb6 44. Ke2 Bd8 45. Kd1 Bb6 46. Kc2 Rbf7 47. Kd3 Rb7
48. h5 Rb8 49. Kc2 Rbb7 50. Rh4 Rb8 51. Rgh3 Kf7 52. Be1 Ra8 53. Bd2 Rb8 54.
hxg6+ hxg6 55. Rh8 Rxh8 56. Rxh8 Rg8 57. Rh7+ Rg7 58. Rh6 Rg8 59. Rh7+ 1/2-1/2

[Event "XXXII Memorial Edoardo Crespi A"]
[Site "Milano ITA"]
[Date "2011.12.04"]
[Round "2"]
[White "Nicolo', Filippo"]
[Black "Sardo, Gabriele"]
[Result "1-0"]
[WhiteElo "2024"]
[BlackElo "2218"]
[PlyCount "75"]
[EventDate "2011.12.03"]

1. e4 c5 2. Nc3 Nc6 3. Bb5 Nd4 4. Nf3 a6 5. Bd3 Nxf3+ 6. Qxf3 d6 7. b3 e6 8.
Bb2 Be7 9. O-O Bf6 10. Qg3 Ne7 11. f4 Bd4+ 12. Kh1 Nc6 13. Rae1 O-O 14. f5 Be5
15. Qg4 Nb4 16. Nd1 Nxd3 17. f6 g6 18. cxd3 Bxb2 19. Nxb2 b5 20. Qg5 Kh8 21.
Rf4 Rg8 22. Rh4 Qf8 23. Rh6 e5 24. Qh4 Qxh6 25. Qxh6 g5 26. Qh5 Be6 27. Qf3 Rg6
28. Rf1 g4 29. Qe2 Rag8 30. g3 Rh6 31. Nd1 d5 32. Ne3 d4 33. Nd5 Rg5 34. Nc7
Bc8 35. Ne8 Rgh5 36. Rf2 Bd7 37. Nd6 Be6 38. Nb7 1-0

[Event "XXXII Memorial Edoardo Crespi A"]
[Site "Milano ITA"]
[Date "2011.12.04"]
[Round "2"]
[White "Salmoiraghi, Angelo"]
[Black "Colovic, Aleksandar"]
[WhiteElo "2174"]
[BlackElo "2451"]
[Result "1/2-1/2"]
[PlyCount "120"]
[EventDate "2011.12.03"]

1. c4 Nf6 2. g3 c6 3. Bg2 d5 4. Nf3 g6 5. b3 Bg7 6. Bb2 O-O 7. O-O a5 8. d3 Bg4
9. Nbd2 Nbd7 10. Re1 Bxf3 11. Nxf3 Ne8 12. Bxg7 Kxg7 13. cxd5 cxd5 14. e4 Nb6
15. e5 Nc7 16. Nd4 e6 17. a3 Qd7 18. a4 Na6 19. Qd2 Nb4 20. Rac1 Rac8 21. h4 h5
22. Bh3 Qe7 23. f4 Rxc1 24. Rxc1 Rc8 25. Rxc8 Nxc8 26. Qc3 Na7 27. Kf2 Nbc6 28.
Nc2 Qc7 29. d4 b5 30. axb5 Nxb5 31. Qc5 Qb7 32. Bf1 Nba7 33. Qc3 Qb6 34. Ke3
Ne7 35. Bd3 Nac6 36. Kd2 Kh6 37. Ke3 Kg7 38. Kd2 Kf8 39. Kc1 Nb4 40. Nxb4 axb4
41. Qc5 Qxc5+ 42. dxc5 Nf5 43. Bxf5 gxf5 44. Kd2 Ke8 45. Ke3 Kd7 46. Kd3 Kc6
47. Ke3 Kxc5 48. Kd3 Kb5 49. Kd4 Kc6 50. Ke3 Kd7 51. Kd4 Ke7 52. Kc5 f6 53.
Kxb4 fxe5 54. fxe5 Kd7 55. Kb5 Kc7 56. Kc5 Kb7 57. Kb5 Ka7 58. Ka5 Kb7 59. Kb5
Kc7 60. Kc5 Kb7 1/2-1/2

[Event "XXXII Memorial Edoardo Crespi A"]
[Site "Milano ITA"]
[Date "2011.12.04"]
[Round "2"]
[White "Sedlak, Nikola"]
[Black "Bellia, Fabrizio"]
[WhiteElo "2592"]
[BlackElo "2418"]
[Result "1/2-1/2"]
[PlyCount "111"]
[EventDate "2011.12.03"]

1. d4 d5 2. c4 e6 3. Nc3 Nf6 4. cxd5 exd5 5. Bg5 Be7 6. e3 c6 7. Qc2 O-O 8. Bd3
Nbd7 9. Nge2 Re8 10. O-O Nf8 11. f3 g6 12. Kh1 Ne6 13. Bh4 Bd7 14. Rad1 Rc8 15.
a3 a5 16. Bf2 c5 17. dxc5 Nxc5 18. Nf4 Na4 19. Bh4 Nxc3 20. bxc3 Rc5 21. Qb3
Bc6 22. c4 Qc7 23. Bxf6 Bxf6 24. cxd5 Rc3 25. Qa2 Ba4 26. d6 Qxd6 27. Bxg6 Qf8
28. Nd5 Rc6 29. Rc1 Be5 30. Bf5 Qh6 31. f4 Bg7 32. e4 Rxc1 33. Rxc1 Bc6 34. Rf1
Qd6 35. a4 Qc5 36. Qb3 Qd4 37. Qh3 h6 38. Bd7 Bxd7 39. Qxd7 Qxe4 40. h3 Qe2 41.
Kh2 b6 42. Rb1 Qe6 43. Qxe6 Rxe6 44. Rxb6 Re4 45. Rxh6 Rxa4 46. Ra6 Ra2 47.
Ne7+ Kh7 48. Nf5 Bf8 49. Rf6 Bb4 50. h4 Kg8 51. Rb6 Bd2 52. Kg3 Ra4 53. Ne7+
Kg7 54. Nf5+ Kg8 55. Ne7+ Kg7 56. Nf5+ 1/2-1/2

[Event "XXXII Memorial Edoardo Crespi A"]
[Site "Milano ITA"]
[Date "2011.12.04"]
[Round "2"]
[White "Shishkin, Vadim"]
[Black "Massironi, Marco"]
[WhiteElo "2449"]
[BlackElo "2171"]
[Result "1-0"]
[PlyCount "81"]
[EventDate "2011.12.03"]

1. d4 Nf6 2. c4 g6 3. Nc3 d5 4. Bf4 Bg7 5. e3 O-O 6. Rc1 c5 7. dxc5 Be6 8. Nf3
Nc6 9. Be2 Ne4 10. O-O Nxc3 11. bxc3 dxc4 12. Ng5 Bd7 13. Bxc4 Na5 14. Bb3 Nxb3
15. axb3 Bc6 16. Nf3 Qxd1 17. Rfxd1 Rfd8 18. Nd4 Be8 19. Ne2 Bb5 20. c4 Bc6 21.
f3 Bf6 22. e4 g5 23. Bd2 Rd3 24. Bc3 Rad8 25. Rxd3 Rxd3 26. Bxf6 exf6 27. Rc3
Rd2 28. Kf2 Kg7 29. g4 Rb2 30. Ke3 Kg6 31. Ng3 Rxh2 32. b4 Rh3 33. Kf2 Rh2+ 34.
Ke3 Rh3 35. Nh5 f5 36. exf5+ Kh6 37. Kf2 Rh2+ 38. Kg3 Rd2 39. b5 Bd7 40. Nf6
Kg7 41. Ne4 1-0

[Event "XXXII Memorial Edoardo Crespi A"]
[Site "Milano ITA"]
[Date "2011.12.04"]
[Round "2"]
[White "Solodovnichenko, Yuri"]
[Black "Gongalov, Bojan"]
[Result "1-0"]
[WhiteElo "2629"]
[BlackElo "2084"]
[PlyCount "99"]
[EventDate "2011.12.03"]

1. e4 Nf6 2. e5 Nd5 3. d4 d6 4. Nf3 dxe5 5. Nxe5 g6 6. Be2 Bg7 7. O-O O-O 8. c4
Nb6 9. Nc3 c5 10. Be3 cxd4 11. Bxd4 Nc6 12. Nxc6 bxc6 13. Bxg7 Qxd1 14. Rfxd1
Kxg7 15. c5 Nd7 16. b4 Rb8 17. Rab1 a5 18. a3 axb4 19. axb4 Nf6 20. Bf3 Bf5 21.
Rb2 Nd7 22. Bxc6 Nxc5 23. b5 Rfc8 24. Ra2 Bd7 25. Rc2 Bxc6 26. bxc6 Na6 27. Na2
Rb6 28. Rdc1 Rc7 29. Rc4 e5 30. g4 h6 31. h4 Kf6 32. Nc3 Ke6 33. Na4 Rb4 34.
Nc5+ Nxc5 35. Rxb4 Rxc6 36. f4 exf4 37. Rxf4 f6 38. Kh2 Kd5 39. Rfc4 Rc7 40.
R4c2 Rc6 41. Kg2 Rc7 42. Kf3 Rc6 43. h5 gxh5 44. gxh5 f5 45. Re1 Ra6 46. Rd1+
Kc6 47. Kf4 Ra3 48. Rdc1 Ra5 49. Kxf5 Kd6 50. Rxc5 1-0

[Event "XXXII Memorial Edoardo Crespi A"]
[Site "Milano ITA"]
[Date "2011.12.04"]
[Round "2"]
[White "Thakur, Akash"]
[Black "Drazic, Sinisa"]
[WhiteElo "2324"]
[BlackElo "2537"]
[Result "0-1"]
[PlyCount "74"]
[EventDate "2011.12.03"]

1. e4 e6 2. d4 d5 3. exd5 exd5 4. Bd3 Nf6 5. Nf3 c5 6. c3 Nc6 7. O-O cxd4 8.
Nxd4 Nxd4 9. cxd4 Be7 10. Nc3 O-O 11. Bg5 Be6 12. Rc1 Ng4 13. Bxe7 Qxe7 14. h3
Nf6 15. a3 Rfc8 16. Re1 Qd6 17. Qd2 g6 18. Nb5 Qb6 19. Qb4 Rc6 20. a4 Nh5 21.
Qe7 Rac8 22. Rxc6 Rxc6 23. b4 a5 24. Ra1 axb4 25. a5 Qa6 26. Qxb4 Kg7 27. Bf1
b6 28. Nc7 bxa5 29. Rxa5 Qc8 30. Ra8 Qxc7 31. Qf8+ Kf6 32. Qh8+ Kg5 33. Qxh7
Rc1 34. h4+ Kg4 35. Qh6 Qf4 36. Qf8 Rxf1+ 37. Kxf1 Qc1+ 0-1

[Event "XXXII Memorial Edoardo Crespi A"]
[Site "Milano ITA"]
[Date "2011.12.04"]
[Round "2"]
[White "Tramalloni, Luca"]
[Black "Agrifoglio, Fabio"]
[Result "1-0"]
[WhiteElo "2111"]
[BlackElo "2019"]
[PlyCount "93"]
[EventDate "2011.12.03"]

1. d4 Nf6 2. c4 g6 3. Nc3 d5 4. cxd5 Nxd5 5. Bd2 Bg7 6. e4 Nxc3 7. Bxc3 c5 8.
d5 Bxc3+ 9. bxc3 O-O 10. Be2 Qc7 11. Nf3 Bg4 12. Nd2 Bxe2 13. Qxe2 Nd7 14. c4
Qe5 15. O-O f5 16. Rae1 f4 17. Nf3 Qh5 18. e5 Rad8 19. e6 Nb6 20. Rb1 Qf5 21.
Rb5 g5 22. h3 g4 23. hxg4 Qxg4 24. Qe4 Nc8 25. Ne5 Qh5 26. Nf7 Nd6 27. Nxd6
Rxd6 28. Rxb7 f3 29. Rb3 fxg2 30. Rg3+ Kh8 31. Rxg2 Rf6 32. Qc2 Rd8 33. Rb1 Rg8
34. Rb3 Rxg2+ 35. Kxg2 Qe5 36. Rg3 Qe1 37. Qb2 Qe4+ 38. f3 Qf4 39. Qc3 Qf5 40.
Qb2 Qf4 41. Qc3 Qf5 42. Qd2 h5 43. Qg5 Qh7 44. Qe5 Qh6 45. Rg5 Qf8 46. Rxh5+
Kg8 47. Qg3+ 1-0

[Event "XXXII Memorial Edoardo Crespi A"]
[Site "Milano ITA"]
[Date "2011.12.04"]
[Round "2"]
[White "Valsecchi, Alessio"]
[Black "David, Alberto"]
[WhiteElo "2376"]
[BlackElo "2597"]
[Result "1-0"]
[PlyCount "61"]
[EventDate "2011.12.03"]

1. e4 c5 2. Nf3 e6 3. d4 cxd4 4. Nxd4 a6 5. Nc3 Qc7 6. Be2 b5 7. O-O Bb7 8. Be3
Nf6 9. Bf3 d6 10. Re1 Nbd7 11. a4 b4 12. Nd5 exd5 13. exd5 Ne5 14. Bf4 Rd8 15.
Nf5 g6 16. Qd4 Nfd7 17. Nh6 Bg7 18. Qxb4 Kf8 19. Ra3 a5 20. Qb5 Qc4 21. Qxa5
Re8 22. Qd2 Qd4 23. Rd3 Qxb2 24. Rb3 Qd4 25. Rxb7 Qxd2 26. Bxd2 Nxf3+ 27. gxf3
Rxe1+ 28. Bxe1 Ne5 29. Bb4 Nxf3+ 30. Kg2 Nh4+ 31. Kh3 1-0

[Event "XXXII Memorial Edoardo Crespi A"]
[Site "Milano ITA"]
[Date "2011.12.04"]
[Round "2"]
[White "Vinzoni, Andrea"]
[Black "Rota, Giacomo"]
[Result "1-0"]
[WhiteElo "2097"]
[BlackElo "2008"]
[PlyCount "61"]
[EventDate "2011.12.03"]

1. d4 d5 2. c4 c6 3. Nf3 Nf6 4. Nc3 dxc4 5. a4 Bf5 6. e3 e6 7. Bxc4 Be7 8. O-O
O-O 9. Qe2 Nbd7 10. e4 Bg4 11. h3 Bh5 12. Bg5 Nb6 13. g4 Nxc4 14. Qxc4 Bg6 15.
Rfe1 Qb6 16. a5 Qb4 17. Qe2 b5 18. axb6 axb6 19. Ne5 Rac8 20. Ra7 Rfe8 21. Qa6
Bf8 22. Nxg6 hxg6 23. e5 Nd5 24. Rd1 Nxc3 25. bxc3 Qxc3 26. Rd3 Qe1+ 27. Kg2
Qe4+ 28. Rf3 Qxd4 29. Qb7 Qxe5 30. Qxf7+ Kh8 31. Bf6 1-0

[Event "XXXII Memorial Edoardo Crespi A"]
[Site "Milano ITA"]
[Date "2011.12.05"]
[Round "3"]
[White "Agrifoglio, Fabio"]
[Black "Bemporad, Filippo"]
[Result "1/2-1/2"]
[WhiteElo "2019"]
[BlackElo "2070"]
[PlyCount "167"]
[EventDate "2011.12.03"]

1. d4 Nf6 2. c4 e6 3. Nc3 Bb4 4. a3 Be7 5. e4 d6 6. Nf3 O-O 7. Be2 Nbd7 8. O-O
c5 9. e5 Ne8 10. dxc5 Nxc5 11. b4 Nd7 12. exd6 Nxd6 13. Bb2 b6 14. Qa4 Bb7 15.
Rad1 Qc8 16. Qb3 Nf5 17. Nb5 Qc6 18. Nbd4 Nxd4 19. Bxd4 Rfd8 20. Qb2 Bf6 21.
Rd2 Bxd4 22. Rxd4 Nf6 23. Rfd1 Rxd4 24. Qxd4 Re8 25. Bf1 h6 26. h3 Qc7 27. Ne5
Rc8 28. Be2 Bc6 29. Qd6 Be8 30. Qxc7 Rxc7 31. Bf3 Kf8 32. Rd8 Ke7 33. Rd4 Nd7
34. Nc6+ Kf8 35. b5 e5 36. Rd6 f5 37. Bd5 Nf6 38. Be6 Bxc6 39. Rxc6 Rxc6 40.
bxc6 Ne8 41. Bxf5 Ke7 42. Kf1 Kd6 43. Be4 Nf6 44. Bd5 b5 45. Ke2 bxc4 46. c7
Kxc7 47. Bxc4 Kb6 48. Ke3 Kc5 49. Bb3 Kd6 50. g3 Ke7 51. f4 Kd6 52. f5 Nh5 53.
Kf2 Nf6 54. Bd1 Kc5 55. Ke3 Nd5+ 56. Kd2 Kd4 57. Bb3 Nf6 58. Ke2 Kc3 59. Be6
Kb2 60. a4 a5 61. Bc4 Ne4 62. g4 Nc3+ 63. Ke3 Nxa4 64. h4 Nc5 65. g5 hxg5 66.
hxg5 Nd7 67. Bb5 Nf6 68. gxf6 gxf6 69. Ke4 Kb3 70. Kd5 a4 71. Bc4+ Kc3 72. Ba2
a3 73. Ke6 e4 74. Kxf6 e3 75. Kg7 e2 76. f6 e1=Q 77. f7 Qg3+ 78. Kh7 Qh2+ 79.
Kg7 Qxa2 80. f8=Q Qg2+ 81. Kh6 Qh2+ 82. Kg7 Qc7+ 83. Kh6 a2 84. Qa3+ 1/2-1/2

[Event "XXXII Memorial Edoardo Crespi A"]
[Site "Milano ITA"]
[Date "2011.12.05"]
[Round "3"]
[White "Andreoni, Giuseppe"]
[Black "Brunello, Roberta"]
[Result "1-0"]
[WhiteElo "2122"]
[BlackElo "1969"]
[PlyCount "59"]
[EventDate "2011.12.03"]

1. e4 e5 2. Nf3 Nc6 3. Bb5 d6 4. d4 Bd7 5. Nc3 Nf6 6. O-O Be7 7. Re1 exd4 8.
Nxd4 O-O 9. Bf4 Nxd4 10. Qxd4 Re8 11. Rad1 Nh5 12. Bxd7 Qxd7 13. Bc1 Qc6 14.
Qd3 Nf6 15. b3 Bf8 16. Bb2 g6 17. Nd5 Nxd5 18. Qd4 Re5 19. exd5 Qxc2 20. f4 Bg7
21. fxe5 Bxe5 22. Qd2 Qxb2 23. Qxb2 Bxb2 24. Re7 Rc8 25. Rf1 f6 26. Rfe1 Be5
27. Rc1 Bd4+ 28. Kf1 Bb6 29. Rce1 Rf8 30. Rd7 1-0

[Event "XXXII Memorial Edoardo Crespi A"]
[Site "Milano ITA"]
[Date "2011.12.05"]
[Round "3"]
[White "Anurag, Mhamal"]
[Black "Sedlak, Nikola"]
[WhiteElo "2222"]
[BlackElo "2592"]
[Result "0-1"]
[PlyCount "172"]
[EventDate "2011.12.03"]

1. e4 e6 2. d4 d5 3. exd5 exd5 4. Bd3 Nc6 5. c3 Bd6 6. Qf3 Nge7 7. Bf4 Ng6 8.
Bxd6 Qxd6 9. Ne2 Be6 10. Qg3 O-O-O 11. Qxd6 Rxd6 12. Nd2 Nce7 13. O-O-O Bf5 14.
Bxf5+ Nxf5 15. g3 h5 16. h4 Nh6 17. Nf3 Re8 18. Neg1 Rf6 19. Rd3 Ng4 20. Nh3
Re2 21. Rf1 Re7 22. Ne1 a5 23. Nc2 Rfe6 24. Ng5 Re2 25. Rd2 f6 26. Nf3 R2e6 27.
Re1 Nh8 28. Kd1 Nf7 29. Rde2 Kd7 30. Rxe6 Rxe6 31. Rxe6 Kxe6 32. Ke2 Nd6 33.
Nce1 Kf5 34. Nd2 g5 35. Ng2 a4 36. f3 Nh6 37. hxg5 fxg5 38. g4+ Kg6 39. gxh5+
Kxh5 40. Ne3 c6 41. c4 Nhf5 42. cxd5 Nxe3 43. dxc6 Nef5 44. cxb7 Nxb7 45. Ne4
Nxd4+ 46. Kd3 Nxf3 47. Nxg5 Kxg5 48. Kc3 a3 49. Kb3 axb2 50. Kxb2 Na5 51. Kc3
Ne5 52. Kd4 Nec4 53. a4 Kf4 54. Kd5 Ke3 55. Ke6 Ke4 56. Kf6 Ne3 57. Ke6 Nf5 58.
Kf6 Nd4 59. Kg5 Kf3 60. Kg6 Kg4 61. Kf6 Kf4 62. Kg6 Ne6 63. Kf6 Ng5 64. Kg6 Ne4
65. Kh5 Nf6+ 66. Kg6 Ng4 67. Kf7 Kf5 68. Ke7 Ke5 69. Kf7 Nf6 70. Kg6 Ne4 71.
Kf7 Kd6 72. Kg7 Ke7 73. Kg6 Ke6 74. Kg7 Nd2 75. Kg6 Nf3 76. Kg7 Ne5 77. Kh6 Kf5
78. Kh5 Ng6 79. Kh6 Nf4 80. Kg7 Ke6 81. Kf8 Nh5 82. Kg8 Kf6 83. Kf8 Ng7 84. Kg8
Ne6 85. Kh7 Kg5 86. Kg8 Kg6 0-1

[Event "XXXII Memorial Edoardo Crespi A"]
[Site "Milano ITA"]
[Date "2011.12.05"]
[Round "3"]
[White "Astengo, Corrado"]
[Black "Di Lascio, Savino"]
[Result "1-0"]
[WhiteElo "2095"]
[BlackElo "2015"]
[PlyCount "45"]
[EventDate "2011.12.03"]

1. e4 c6 2. d4 d5 3. exd5 cxd5 4. c4 Nf6 5. Nc3 Nc6 6. Nf3 e6 7. a3 Be7 8. Bd3
O-O 9. O-O b6 10. Re1 dxc4 11. Bxc4 Bb7 12. Ba2 Na5 13. b4 Rc8 14. Qd3 Nc6 15.
Bf4 h6 16. Rad1 Re8 17. d5 Nxb4 18. axb4 Bxb4 19. dxe6 Qxd3 20. exf7+ Kh7 21.
fxe8=Q Qxc3 22. Bb1+ g6 23. Rd7+ 1-0

[Event "XXXII Memorial Edoardo Crespi A"]
[Site "Milano ITA"]
[Date "2011.12.05"]
[Round "3"]
[White "Astengo, Marcello"]
[Black "Gongalov, Bojan"]
[Result "0-1"]
[WhiteElo "2048"]
[BlackElo "2084"]
[PlyCount "71"]
[EventDate "2011.12.03"]

1. d4 Nf6 2. c4 g6 3. Nc3 d5 4. Bg5 Ne4 5. Bh4 Nxc3 6. bxc3 Bg7 7. e3 c5 8. Nf3
cxd4 9. cxd4 O-O 10. Be2 dxc4 11. Bxc4 b5 12. Be2 b4 13. Qb3 Nc6 14. Rc1 Qb6
15. O-O Bd7 16. Nd2 Na5 17. Qb2 Rfe8 18. Bg3 Rac8 19. Bd3 Bb5 20. Bxb5 Qxb5 21.
Bc7 Nc6 22. Bg3 a5 23. Rc2 Qf5 24. Rfc1 Na7 25. Bc7 Nb5 26. Rc5 Qd3 27. Bxa5
Nc3 28. Rxc8 Rxc8 29. Kh1 e5 30. dxe5 Bxe5 31. Bxb4 Rc6 32. Qc2 Qb5 33. a3 Rc7
34. Qb3 Qe2 35. Nf3 Ne4 36. Rxc7 0-1

[Event "XXXII Memorial Edoardo Crespi A"]
[Site "Milano ITA"]
[Date "2011.12.05"]
[Round "3"]
[White "Bellia, Fabrizio"]
[Black "Salmoiraghi, Angelo"]
[WhiteElo "2418"]
[BlackElo "2174"]
[Result "1-0"]
[PlyCount "57"]
[EventDate "2011.12.03"]

1. e4 e5 2. Nf3 Nf6 3. Nxe5 d6 4. Nf3 Nxe4 5. d4 d5 6. Bd3 Nd6 7. O-O Be7 8.
Re1 O-O 9. Bf4 Nd7 10. Nc3 Nf6 11. Re5 c6 12. Qe2 Re8 13. Re1 Bf8 14. Bg5 Bd7
15. h3 g6 16. b3 Bg7 17. Rxe8+ Qxe8 18. Qd2 Qf8 19. Qf4 Nde8 20. Qh4 Be6 21.
Ne2 h6 22. Bxf6 Bxf6 23. Qg3 Qd6 24. Nf4 Ng7 25. Nh5 Qe7 26. Bxg6 fxg6 27. Qxg6
Rf8 28. Nxg7 Bxg7 29. Qxe6+ 1-0